| 000 | 01171nam a22003134a 4500 | ||
|---|---|---|---|
| 001 | ebr10096087 | ||
| 003 | CaPaEBR | ||
| 006 | m u | ||
| 007 | cr cn||||||||| | ||
| 008 | 031224s2004 ilu s 001 0 eng | ||
| 010 | _z 2003028067 | ||
| 020 | _z1572483857 (alk. paper) | ||
| 040 |
_aCaPaEBR _cCaPaEBR |
||
| 035 | _a(OCoLC)56946262 | ||
| 050 | 1 | 4 |
_aHG179 _b.S2643 2004eb |
| 082 | 0 | 4 |
_a332.024 _222 |
| 100 | 1 | _aSchell, Richard E. | |
| 245 | 1 | 0 |
_aQuick cash _h[electronic resource] : _ba guide to raising money during life's planned and unplanned changes / _cRichard E. Schell. |
| 250 | _a1st ed. | ||
| 260 |
_aNaperville, Ill. : _bSphinx Publishing, _c2004. |
||
| 300 | _ax, 238 p. | ||
| 500 | _aIncludes index. | ||
| 533 |
_aElectronic reproduction. _bPalo Alto, Calif. : _cebrary, _d2013. _nAvailable via World Wide Web. _nAccess may be limited to ebrary affiliated libraries. |
||
| 650 | 0 | _aFinance, Personal. | |
| 650 | 0 | _aFund raising. | |
| 655 | 7 |
_aElectronic books. _2local |
|
| 710 | 2 | _aebrary, Inc. | |
| 856 | 4 | 0 |
_uhttp://site.ebrary.com/lib/rucke/Doc?id=10096087 _zAn electronic book accessible through the World Wide Web; click to view |
| 999 |
_c194222 _d194222 |
||